[Event "Gibtelecom Festival 2010 - Challengers"]
[Site "Gibraltar ENG"]
[Date "2010.01.29"]
[Round "4.23"]
[White "Staples, Daniel J"]
[Black "Jameson, David"]
[Result "1-0"]
[WhiteElo "1896"]
[BlackElo "2053"]
[PlyCount "83"]
[EventDate "2010.01.26"]
[EventType "swiss"]
[EventRounds "5"]
[EventCountry "ENG"]
[Source "lmi"]
[SourceDate "2010.01.26"]

1. e4 c6 2. d3 d5 3. Nd2 e5 4. Ngf3 Bd6 5. d4 exd4 6. Nxd4 Nf6 7. exd5 cxd5 8.
Bb5+ Bd7 9. Qe2+ Qe7 10. Qxe7+ Kxe7 11. O-O Nc6 12. Re1+ Kd8 13. N2f3 Kc7 14.
Bg5 Ne4 15. Be3 Rhe8 16. c4 Nf6 17. Rac1 a6 18. c5 Bf8 19. Bf4+ Kd8 20. Bxc6
Rxe1+ 21. Rxe1 bxc6 22. Ne5 Bxc5 23. Ndxc6+ Bxc6 24. Nxc6+ Kc8 25. Rc1 Ne4 26.
Bg3 Nxg3 27. hxg3 Kb7 28. Rxc5 Kb6 29. Rc2 a5 30. Nd4 a4 31. Rc6+ Ka5 32. Rc5+
Kb6 33. Rb5+ Ka6 34. Rb4 Rc8 35. Rxa4+ Kb6 36. f3 Rc1+ 37. Kf2 Rd1 38. Ne2 Rd2
39. a3 Kc5 40. b4+ Kc4 41. b5+ Kd3 42. Rd4+ 1-0

[Event "Gibtelecom Festival 2010 - Challengers"]
[Site "Gibraltar ENG"]
[Date "2010.01.29"]
[Round "4.24"]
[White "Odeh, Kenneth"]
[Black "Hamer, Martyn"]
[Result "1-0"]
[WhiteElo "2012"]
[BlackElo "2039"]
[PlyCount "67"]
[EventDate "2010.01.26"]
[EventType "swiss"]
[EventRounds "5"]
[EventCountry "ENG"]
[Source "lmi"]
[SourceDate "2010.01.26"]

1. e4 Nc6 2. Nf3 d6 3. d4 Nf6 4. Nc3 Bg4 5. Be2 e6 6. h3 Bh5 7. Be3 Bg6 8. Nd2
d5 9. e5 Nd7 10. a3 h5 11. Nf3 h4 12. Qd2 Be7 13. Na2 f6 14. Bf4 Be4 15. exf6
Bxf6 16. c3 Ne7 17. O-O Ng6 18. Be3 O-O 19. Nh2 c6 20. Rae1 Qc7 21. Nb4 e5 22.
Nc2 Nf4 23. Bf3 Bd3 24. Bxf4 Bxf1 25. dxe5 Bxe5 26. Bxe5 Nxe5 27. Rxf1 Rf6 28.
Re1 Ng6 29. Bg4 Nf4 30. Nd4 Raf8 31. Ne6 Nxe6 32. Bxe6+ Kh8 33. Ng4 Rg6 34. Re5
1-0

[Event "Gibtelecom Festival 2010 - Challengers"]
[Site "Gibraltar ENG"]
[Date "2010.01.29"]
[Round "4.26"]
[White "Mlynek, Petr"]
[Black "Stanek, Stanislav"]
[Result "1/2-1/2"]
[WhiteElo "2218"]
[BlackElo "2007"]
[PlyCount "104"]
[EventDate "2010.01.26"]
[EventType "swiss"]
[EventRounds "5"]
[EventCountry "ENG"]
[Source "lmi"]
[SourceDate "2010.01.26"]

1. d4 d5 2. c4 Bf5 3. cxd5 Bxb1 4. Qa4+ Qd7 5. Qxd7+ Nxd7 6. Rxb1 Ngf6 7. Nf3
Nxd5 8. e4 N5f6 9. Bd3 e6 10. O-O Be7 11. Bf4 c6 12. b4 O-O 13. Rfc1 Rfc8 14.
a4 h6 15. h3 Ne8 16. g4 Bd6 17. Be3 Nf8 18. Nd2 g5 19. e5 Be7 20. Ne4 Nc7 21.
Nc5 Bxc5 22. bxc5 Rab8 23. h4 Nd5 24. hxg5 Nxe3 25. fxe3 hxg5 26. Kg2 Ng6 27.
Rb2 Rc7 28. Rcb1 Ne7 29. Ba6 Nd5 30. Rxb7 Nxe3+ 31. Kf2 Rcxb7 32. Rxb7 Nxg4+
33. Kf3 Rxb7 34. Bxb7 f5 35. exf6 Nxf6 36. Bxc6 Kf7 37. Ke3 Ke7 38. Kd3 Kd8 39.
Kc4 Kc7 40. Bg2 Nh5 41. Bh3 Nf4 42. Bg4 Kc6 43. Bf3+ Kc7 44. Kc3 Kd7 45. Kd2
Ke7 46. Ke3 Kf6 47. Bb7 Ke7 48. Ke4 Ng6 49. Ba6 Nf8 50. Be2 Nd7 51. Bc4 Nf6+
52. Kf3 Kd7 1/2-1/2

[Event "Gibtelecom Festival 2010 - Challengers"]
[Site "Gibraltar ENG"]
[Date "2010.01.29"]
[Round "4.27"]
[White "Kandic, Milan"]
[Black "Loerke, Reinhard"]
[Result "1-0"]
[WhiteElo "2216"]
[BlackElo "1981"]
[PlyCount "118"]
[EventDate "2010.01.26"]
[EventType "swiss"]
[EventRounds "5"]
[EventCountry "ENG"]
[Source "lmi"]
[SourceDate "2010.01.26"]

1. e4 b6 2. d4 Bb7 3. Nc3 e6 4. Nf3 Nf6 5. Bd3 d5 6. Bg5 dxe4 7. Nxe4 Be7 8.
Qe2 h6 9. Bxf6 gxf6 10. O-O-O c6 11. Rhe1 Qc7 12. Kb1 Nd7 13. Ba6 b5 14. Bxb7
Qxb7 15. d5 cxd5 16. Nc3 Bb4 17. Rxd5 Bxc3 18. Rxb5 Rb8 19. Rxb7 Rxb7 20. b3
Bxe1 21. Nxe1 Ke7 22. Nd3 f5 23. Nf4 Nf6 24. Qe5 Rc8 25. f3 Rbc7 26. c4 Rd7 27.
Qe3 Rcd8 28. Kb2 a6 29. Ka3 Kf8 30. Qc5+ Rd6 31. h4 Ke7 32. Qe3 R8d7 33. Qe1
Kf8 34. h5 Ne8 35. g4 fxg4 36. fxg4 Nf6 37. Qe5 Nxg4 38. Qh8+ Ke7 39. Qg7 Ne3
40. Ng6+ Kd8 41. Ne5 Nf5 42. Qf8+ Kc7 43. Qa8 f6 44. Qa7+ Kd8 45. Nxd7 Rxd7 46.
Qxa6 Ke7 47. c5 e5 48. c6 Rc7 49. Qb6 Kd6 50. Qf2 Ke6 51. Qb6 Kd6 52. Qb4+ Ke6
53. Qb7 Kd6 54. Qb8 Kxc6 55. Qf8 Ra7+ 56. Kb2 Nd4 57. Qxf6+ Kd5 58. Qxh6 e4 59.
Qg5+ Kd6 1-0

[Event "Gibtelecom Festival 2010 - Challengers"]
[Site "Gibraltar ENG"]
[Date "2010.01.29"]
[Round "4.28"]
[White "Bauer, Peter"]
[Black "Weeramantry, Sunil"]
[Result "0-1"]
[WhiteElo "1944"]
[BlackElo "2201"]
[PlyCount "64"]
[EventDate "2010.01.26"]
[EventType "swiss"]
[EventRounds "5"]
[EventCountry "ENG"]
[Source "lmi"]
[SourceDate "2010.01.26"]

1. c4 e5 2. Nc3 Nc6 3. g3 f5 4. Bg2 Nf6 5. Rb1 Bb4 6. Nd5 Bd6 7. a3 a5 8. d3
Nxd5 9. Bxd5 Ne7 10. Bg2 O-O 11. b4 axb4 12. axb4 c6 13. Nh3 f4 14. Qb3 Kh8 15.
gxf4 exf4 16. Bb2 Ng6 17. Be4 Qh4 18. Ng1 Qe7 19. c5 Be5 20. Bxe5 Nxe5 21. d4
Ng4 22. Qf3 d5 23. Bd3 Nf6 24. h3 Ne4 25. Bxe4 dxe4 26. Qc3 Qh4 27. e3 f3 28.
Rh2 Be6 29. b5 Rf6 30. bxc6 bxc6 31. Kf1 Rg6 32. Qb2 Bc4+ 0-1

[Event "Gibtelecom Festival 2010 - Challengers"]
[Site "Gibraltar ENG"]
[Date "2010.01.29"]
[Round "4.29"]
[White "Byrn, Carsten"]
[Black "Skage, Oystein Aagedal"]
[Result "1/2-1/2"]
[WhiteElo "2171"]
[BlackElo "1935"]
[PlyCount "121"]
[EventDate "2010.01.26"]
[EventType "swiss"]
[EventRounds "5"]
[EventCountry "ENG"]
[Source "lmi"]
[SourceDate "2010.01.26"]

1. d4 Nf6 2. c4 g6 3. Nc3 Bg7 4. e4 d6 5. Nf3 O-O 6. h3 e5 7. d5 a5 8. Bg5 h6
9. Be3 Na6 10. Nd2 Nxe4 11. Ndxe4 f5 12. Be2 fxe4 13. Bg4 Bf5 14. a3 b6 15. Qd2
Nc5 16. Bxc5 bxc5 17. Bd1 Qh4 18. g3 e3 19. gxh4 exd2+ 20. Kxd2 Rab8 21. Ra2 h5
22. f3 Bf6 23. Ne4 Bxh4 24. Ba4 Bxe4 25. fxe4 Rf2+ 26. Kc1 Bg5+ 27. Kb1 Rbf8
28. b3 Rf1+ 29. Rxf1 Rxf1+ 30. Kc2 Rf2+ 31. Kb1 Rxa2 32. Kxa2 Bc1 33. Kb1 Bxa3
34. Kc2 Kf7 35. Kd3 g5 36. Ke2 g4 37. hxg4 h4 38. Kf3 Kf6 39. g5+ Kxg5 40. Bd7
Bb4 41. Bh3 Be1 42. Bd7 Kf6 43. Kg4 Ke7 44. Ba4 Kd8 45. Kh3 Ke7 46. Kg4 Kf6 47.
Bd7 a4 48. Bxa4 Ke7 49. Kh3 Kd8 50. Kg2 Kc8 51. Bc6 Kb8 52. Bd7 Kb7 53. Kf3 Kb6
54. Ke2 Bg3 55. Kd3 Ka5 56. Kc2 Kb6 57. Kd3 Ka5 58. Kc2 Kb4 59. Bh3 Ka3 60. Bg4
Kb4 61. Bh3 1/2-1/2

[Event "Gibtelecom Festival 2010 - Challengers"]
[Site "Gibraltar ENG"]
[Date "2010.01.29"]
[Round "4.30"]
[White "Plater, Ronald"]
[Black "Haarr, Jon Kristian"]
[Result "0-1"]
[WhiteElo "1904"]
[BlackElo "2157"]
[PlyCount "112"]
[EventDate "2010.01.26"]
[EventType "swiss"]
[EventRounds "5"]
[EventCountry "ENG"]
[Source "lmi"]
[SourceDate "2010.01.26"]

1. e4 c6 2. d4 d5 3. f3 e6 4. Bd3 Nd7 5. Ne2 Ne7 6. O-O g6 7. Kh1 Bg7 8. c4 O-O
9. cxd5 cxd5 10. Nbc3 Nb6 11. e5 Bd7 12. b3 a5 13. Ba3 Re8 14. Nb5 Bxb5 15.
Bxb5 Nc6 16. Qd2 Nd7 17. Rfc1 Qb6 18. Bxc6 bxc6 19. Nc3 Rec8 20. Na4 Qb5 21.
Bd6 Bf8 22. Bxf8 Kxf8 23. Nc5 Nxc5 24. Rxc5 Qb4 25. Qc3 Rab8 26. Kg1 Qxc3 27.
Rxc3 Rb4 28. Rd1 a4 29. Kf2 axb3 30. axb3 Ra8 31. Rd2 Ra6 32. Ke2 Ke7 33. Kd3
Kd7 34. Rdc2 Rbb6 35. Rb2 Rb4 36. Rbc2 Rab6 37. Rb2 Kc7 38. g3 Kb7 39. h4 h6
40. g4 Kc7 41. f4 Kd7 42. Rb1 h5 43. g5 Kc7 44. Rb2 R6b5 45. Rb1 Kb6 46. Rb2
Kb7 47. Ke3 Ra5 48. Rbc2 Rb6 49. Rb2 Raa6 50. Kd2 Rb4 51. Ke3 Ra1 52. Rbc2 Rb6
53. Kd2 Rh1 54. Rf3 Rxh4 55. Kc3 Rh1 56. Ra2 Ra6 0-1

[Event "Gibtelecom Festival 2010 - Challengers"]
[Site "Gibraltar ENG"]
[Date "2010.01.29"]
[Round "4.31"]
[White "Brown, Thomas E"]
[Black "Moreno Cervera, Jose Luis"]
[Result "1-0"]
[WhiteElo "2064"]
[BlackElo "1929"]
[PlyCount "65"]
[EventDate "2010.01.26"]
[EventType "swiss"]
[EventRounds "5"]
[EventCountry "ENG"]
[Source "lmi"]
[SourceDate "2010.01.26"]

1. d4 d5 2. c4 c6 3. Nf3 Nf6 4. e3 a6 5. Be2 b5 6. b3 Ne4 7. O-O Bf5 8. Ne5 h6
9. f3 Nf6 10. Ba3 Qa5 11. Qc1 e6 12. Bxf8 Rxf8 13. cxd5 cxd5 14. Qc8+ Qd8 15.
Qb7 Nbd7 16. Nc6 Qc8 17. Qxc8+ Rxc8 18. Nb4 Nb8 19. Nxa6 Ke7 20. Bxb5 Nxa6 21.
Bxa6 Rc2 22. b4 Rb8 23. b5 Re2 24. Rd1 Bxb1 25. Rdxb1 Rxe3 26. a4 Rd3 27. Rd1
Rb3 28. a5 Nh5 29. b6 Nf4 30. Bf1 Rb2 31. Rdb1 Rd2 32. a6 Ne2+ 33. Bxe2 1-0

[Event "Gibtelecom Festival 2010 - Challengers"]
[Site "Gibraltar ENG"]
[Date "2010.01.29"]
[Round "4.32"]
[White "Bryn, Askild"]
[Black "Steinskog, Asbjorn Ottesen"]
[Result "1-0"]
[WhiteElo "2036"]
[BlackElo "1884"]
[PlyCount "69"]
[EventDate "2010.01.26"]
[EventType "swiss"]
[EventRounds "5"]
[EventCountry "ENG"]
[Source "lmi"]
[SourceDate "2010.01.26"]

1. e4 c5 2. Nc3 a6 3. a4 e6 4. Bc4 Nc6 5. f4 d6 6. d3 Nf6 7. Ba2 Be7 8. Nf3 d5
9. e5 Nd7 10. Ne2 b5 11. Bb1 Bb7 12. c3 Nb6 13. axb5 axb5 14. Rxa8 Nxa8 15. d4
b4 16. O-O Ba6 17. f5 exf5 18. Bxf5 O-O 19. Re1 Bxe2 20. Qxe2 Nc7 21. Qf2 bxc3
22. bxc3 cxd4 23. cxd4 g6 24. Bh6 Re8 25. e6 fxe6 26. Bxe6+ Nxe6 27. Rxe6 Qd7
28. Qe1 Kf7 29. Rxc6 Bf8 30. Qc3 Kg8 31. Bxf8 Rxf8 32. Rc7 Qb5 33. Rc8 Qb1+ 34.
Kf2 Qa2+ 35. Kg3 1-0

[Event "Gibtelecom Festival 2010 - Challengers"]
[Site "Gibraltar ENG"]
[Date "2010.01.29"]
[Round "4.33"]
[White "Isherwood, Paul"]
[Black "Sommerhalder, Eric"]
[Result "0-1"]
[WhiteElo "2017"]
[BlackElo "1899"]
[PlyCount "90"]
[EventDate "2010.01.26"]
[EventType "swiss"]
[EventRounds "5"]
[EventCountry "ENG"]
[Source "lmi"]
[SourceDate "2010.01.26"]

1. d4 d5 2. Nf3 Nc6 3. e3 Bg4 4. Nbd2 e5 5. h3 Bxf3 6. Nxf3 e4 7. Nd2 f5 8. c4
Nf6 9. cxd5 Nxd5 10. Bc4 Qd7 11. Nxe4 O-O-O 12. Nc3 Bb4 13. Bd2 Nb6 14. Be2 Kb8
15. a3 Be7 16. Qc2 Bf6 17. Rc1 f4 18. O-O fxe3 19. fxe3 Nxd4 20. Bg4 Qxg4 21.
hxg4 Nxc2 22. Rxc2 Rhe8 23. Bc1 Nc8 24. e4 Bxc3 25. Rxc3 Rxe4 26. Rf7 Re7 27.
Rxe7 Nxe7 28. Bg5 Rd7 29. Rf3 Nc8 30. Kf2 b6 31. Bf4 Kb7 32. Be5 Nd6 33. Bxd6
Rxd6 34. Ke3 Rg6 35. Rf4 Rg5 36. Kf3 Kc6 37. b4 Rd5 38. Rc4+ Kd6 39. Rc3 c5 40.
Ke3 Rd4 41. bxc5+ bxc5 42. g5 Rg4 43. Rd3+ Kc6 44. g6 Rg3+ 45. Ke4 Rxd3 0-1

[Event "Gibtelecom Festival 2010 - Challengers"]
[Site "Gibraltar ENG"]
[Date "2010.01.29"]
[Round "4.34"]
[White "Pereira, Johnharry"]
[Black "Seitz, Benjamin"]
[Result "1-0"]
[WhiteElo "1892"]
[BlackElo "2017"]
[PlyCount "83"]
[EventDate "2010.01.26"]
[EventType "swiss"]
[EventRounds "5"]
[EventCountry "ENG"]
[Source "lmi"]
[SourceDate "2010.01.26"]

1. d4 Nf6 2. c4 c5 3. d5 Ne4 4. Qc2 Qa5+ 5. Nd2 Nf6 6. e4 Qc7 7. b3 e5 8. Bd3
d6 9. h3 Be7 10. Ne2 g5 11. Bb2 Nbd7 12. Ng3 Nf8 13. Nf5 Ng6 14. g3 h6 15.
O-O-O Bd7 16. Ng7+ Kd8 17. Be2 Qc8 18. Nf5 Kc7 19. f3 Bf8 20. Nf1 Ne8 21. N1e3
Ng7 22. Bd3 h5 23. h4 gxh4 24. Nxh4 Nxh4 25. Rxh4 Be7 26. Rh2 Bg5 27. Qf2 h4
28. gxh4 Bf4 29. Rhh1 Qd8 30. Rdg1 Nh5 31. Kc2 Bxe3 32. Qxe3 Nf4 33. Bxe5 dxe5
34. Qxc5+ Kb8 35. Qd6+ Qc7 36. Qf6 Rd8 37. h5 a6 38. h6 Ka7 39. h7 Rh8 40. Rg5
Rae8 41. b4 Ba4+ 42. Kd2 1-0

[Event "Gibtelecom Festival 2010 - Challengers"]
[Site "Gibraltar ENG"]
[Date "2010.01.29"]
[Round "4.35"]
[White "McBeth, Michael J"]
[Black "Savage, Neil"]
[Result "1-0"]
[WhiteElo "2011"]
[BlackElo "1755"]
[PlyCount "43"]
[EventDate "2010.01.26"]
[EventType "swiss"]
[EventRounds "5"]
[EventCountry "ENG"]
[Source "lmi"]
[SourceDate "2010.01.26"]

1. e4 c5 2. Nf3 d6 3. d4 cxd4 4. Nxd4 Nf6 5. Nc3 e6 6. Be2 Be7 7. O-O O-O 8.
Be3 a6 9. f4 Qc7 10. Qe1 Bd7 11. Qg3 Nc6 12. Rad1 Kh8 13. Nb3 b5 14. e5 dxe5
15. fxe5 Nxe5 16. Kh1 Bd6 17. Rxd6 Qxd6 18. Bf4 Rg8 19. Bxe5 Qf8 20. Bd3 Qe7
21. Qh4 Bc6 22. Bxf6 1-0

[Event "Gibtelecom Festival 2010 - Challengers"]
[Site "Gibraltar ENG"]
[Date "2010.01.29"]
[Round "4.36"]
[White "Hansen, Erle Andrea Marki"]
[Black "Gravett, Alan D"]
[Result "1/2-1/2"]
[WhiteElo "1699"]
[BlackElo "1926"]
[PlyCount "67"]
[EventDate "2010.01.26"]
[EventType "swiss"]
[EventRounds "5"]
[EventCountry "ENG"]
[Source "lmi"]
[SourceDate "2010.01.26"]

1. e4 c5 2. Nf3 d6 3. d4 cxd4 4. Nxd4 Nf6 5. Nc3 a6 6. Be2 e5 7. Nb3 Be7 8. Be3
Be6 9. f3 Nbd7 10. Qd2 b5 11. O-O-O b4 12. Na4 a5 13. g4 Qc7 14. g5 Nh5 15. Qd3
Rc8 16. Rd2 Nf4 17. Bxf4 exf4 18. Nd4 Ne5 19. Qa6 Bc4 20. Bxc4 Nxc4 21. Qb5+
Kf8 22. Re2 g6 23. h4 h5 24. Rg1 Qa7 25. Rd1 Ne5 26. Qb6 Qc7 27. Qxc7 Rxc7 28.
Nb6 Rb7 29. Nd5 Bd8 30. Nxf4 Bb6 31. Nb3 Nxf3 32. Rxd6 Bc7 33. Rf6 Kg7 34. Nc5
1/2-1/2

[Event "Gibtelecom Festival 2010 - Challengers"]
[Site "Gibraltar ENG"]
[Date "2010.01.29"]
[Round "4.37"]
[White "Winkler, Stefan"]
[Black "Annetts, Ivor S"]
[Result "1-0"]
[WhiteElo "1916"]
[BlackElo "1848"]
[PlyCount "75"]
[EventDate "2010.01.26"]
[EventType "swiss"]
[EventRounds "5"]
[EventCountry "ENG"]
[Source "lmi"]
[SourceDate "2010.01.26"]

1. e4 c5 2. Nf3 Nc6 3. Bb5 g6 4. O-O Bg7 5. c3 Nf6 6. Re1 O-O 7. Na3 d5 8. e5
Ne8 9. d4 cxd4 10. cxd4 Bd7 11. Bg5 h6 12. Be3 a6 13. Ba4 Rc8 14. Rc1 Qb6 15.
Qd2 Kh7 16. h4 Bf5 17. h5 g5 18. Bc2 Bxc2 19. Qxc2+ Kg8 20. Bxg5 Nc7 21. Be3
Ne6 22. Qd2 Kh7 23. Rxc6 Qxc6 24. Nh4 Ng5 25. Bxg5 hxg5 26. Nf5 Qe6 27. Qxg5
Rg8 28. Nxe7 Bh8 29. Nxg8 Rxg8 30. Qe3 Qg4 31. Qd3+ Kh6 32. g3 Rg5 33. Kg2 Rxh5
34. Rh1 Rxh1 35. Kxh1 Bg7 36. Kg2 Bf8 37. Nc2 Qe6 38. Ne3 1-0

[Event "Gibtelecom Festival 2010 - Challengers"]
[Site "Gibraltar ENG"]
[Date "2010.01.29"]
[Round "4.38"]
[White "Wright, Jonathan"]
[Black "Grant, David"]
[Result "1/2-1/2"]
[WhiteElo "1808"]
[BlackElo "1913"]
[PlyCount "127"]
[EventDate "2010.01.26"]
[EventType "swiss"]
[EventRounds "5"]
[EventCountry "ENG"]
[Source "lmi"]
[SourceDate "2010.01.26"]

1. e4 g6 2. d4 Bg7 3. f4 d6 4. Nf3 Nf6 5. Bd3 c5 6. e5 Nd5 7. c3 Nc6 8. Be4 e6
9. O-O cxd4 10. cxd4 Ndb4 11. Nc3 d5 12. Bb1 Ne7 13. Nb5 O-O 14. Qe1 Nbc6 15.
Nd6 Qb6 16. Qf2 Bd7 17. b3 Nc8 18. Ba3 Nb4 19. Qd2 a5 20. Nxc8 Rfxc8 21. Bb2
Bb5 22. Rf2 Bf8 23. a3 Nc6 24. Bc2 Rc7 25. Re1 Rac8 26. Bb1 Ba6 27. Re3 Na7 28.
g4 Nb5 29. b4 axb4 30. axb4 Na7 31. f5 Qxb4 32. fxe6 fxe6 33. Qd1 Be7 34. h4
Nb5 35. h5 Nc3 36. Rxc3 Rxc3 37. Bxc3 Qxc3 38. hxg6 hxg6 39. Kg2 Qc1 40. Qxc1
Rxc1 41. Bxg6 Kg7 42. Bh5 Bd3 43. Kg3 Be4 44. g5 b5 45. Kf4 Rh1 46. Be8 b4 47.
Nd2 Rh8 48. Nxe4 Rxe8 49. Nf6 Rh8 50. Kg4 Rh1 51. Ne8+ Kg6 52. Nc7 Rg1+ 53. Kh3
Rb1 54. Nxe6 b3 55. Nf4+ Kxg5 56. Nxd5 Ba3 57. e6 b2 58. Nc3 Rc1 59. Ne4+ Kh6
60. Rxb2 Bxb2 61. e7 Rc8 62. Nd6 Rb8 63. e8=Q Rxe8 64. Nxe8 1/2-1/2

[Event "Gibtelecom Festival 2010 - Challengers"]
[Site "Gibraltar ENG"]
[Date "2010.01.29"]
[Round "4.39"]
[White "Bishop, Geoffrey L"]
[Black "Rough, Robert E"]
[Result "1-0"]
[WhiteElo "1851"]
[BlackElo "1811"]
[PlyCount "80"]
[EventDate "2010.01.26"]
[EventType "swiss"]
[EventRounds "5"]
[EventCountry "ENG"]
[Source "lmi"]
[SourceDate "2010.01.26"]

1. e4 e5 2. Nf3 d6 3. d4 exd4 4. Qxd4 Nf6 5. Nc3 Be7 6. Bg5 O-O 7. O-O-O Nc6 8.
Qd2 Be6 9. Kb1 a6 10. Bd3 b5 11. h4 Ne5 12. Nd4 Bd7 13. f4 Nxd3 14. Qxd3 Ng4
15. Qf3 f6 16. f5 fxg5 17. Qxg4 gxh4 18. Nd5 Bf6 19. Nxf6+ Qxf6 20. Rxh4 h6 21.
Ne2 Kf7 22. Nf4 Ke8 23. Nd5 Qd8 24. Rdh1 c6 25. Qg6+ Rf7 26. Nf4 Qf6 27. Qg3
Kd8 28. Ng6 Kc7 29. Rd1 Re8 30. Qa3 Ra8 31. Qa5+ Kb7 32. Rh3 d5 33. Rhd3 Re8
34. exd5 Bxf5 35. dxc6+ Qxc6 36. Rd6 Qxc2+ 37. Ka1 Qxd1+ 38. Rxd1 Bxg6 39. Qc3
Ree7 40. b3 Bh7 1-0

[Event "Gibtelecom Festival 2010 - Challengers"]
[Site "Gibraltar ENG"]
[Date "2010.01.29"]
[Round "4.40"]
[White "Flanagan, Samuel"]
[Black "Chidi, Lovinia Sylvia"]
[Result "1/2-1/2"]
[WhiteElo "1787"]
[BlackElo "1832"]
[PlyCount "98"]
[EventDate "2010.01.26"]
[EventType "swiss"]
[EventRounds "5"]
[EventCountry "ENG"]
[Source "lmi"]
[SourceDate "2010.01.26"]

1. d4 Nf6 2. Nf3 g6 3. Nc3 Bg7 4. e4 d6 5. h3 O-O 6. Be3 a5 7. Qd2 c6 8. Bh6 b5
9. Bd3 b4 10. Ne2 Ba6 11. Bxg7 Kxg7 12. Ng3 h5 13. Bxa6 Nxa6 14. Qg5 e6 15. e5
Nd5 16. Nxh5+ Kh7 17. Nf6+ Kg7 18. Nxd5 Qxg5 19. Nxg5 cxd5 20. f4 Nc7 21. O-O
Nb5 22. Rad1 Rfc8 23. Rf2 Rc6 24. g4 Rac8 25. Rdd2 Rc4 26. Nf3 dxe5 27. fxe5 a4
28. b3 axb3 29. cxb3 R4c7 30. Ng5 Ra8 31. Rf6 Nc3 32. Rdf2 Raa7 33. h4 Rxa2 34.
Rxf7+ Rxf7 35. Rxf7+ Kg8 36. Rb7 Ne2+ 37. Kf1 Nxd4 38. Rxb4 Nc6 39. Rb7 Nxe5
40. Rb8+ Kg7 41. Nxe6+ Kf6 42. Nf4 Nxg4 43. Nxd5+ Ke5 44. Nc3 Nh2+ 45. Ke1 Nf3+
46. Kd1 Ra1+ 47. Kc2 Nxh4 48. Rb5+ Ke6 49. Rg5 Kf6 1/2-1/2

[Event "Gibtelecom Festival 2010 - Challengers"]
[Site "Gibraltar ENG"]
[Date "2010.01.30"]
[Round "5.1"]
[White "Tjolsen, Katrine"]
[Black "Jayakumar, Adarsh"]
[Result "1-0"]
[WhiteElo "2212"]
[BlackElo "2090"]
[PlyCount "81"]
[EventDate "2010.01.26"]
[EventType "swiss"]
[EventRounds "5"]
[EventCountry "ENG"]
[Source "lmi"]
[SourceDate "2010.01.26"]

1. c4 c5 2. Nc3 Nc6 3. g3 g6 4. Bg2 Bg7 5. Nf3 e5 6. O-O d6 7. a3 Nge7 8. d3
O-O 9. Bg5 h6 10. Bxe7 Nxe7 11. Ne1 Be6 12. Nc2 d5 13. cxd5 Nxd5 14. Nxd5 Bxd5
15. Bxd5 Qxd5 16. Ne3 Qd4 17. Qb3 e4 18. Rab1 b6 19. Rfd1 Rad8 20. a4 exd3 21.
Rxd3 Qe5 22. Qc2 Rfe8 23. b3 Rd4 24. Rbd1 f5 25. R1d2 f4 26. Nc4 Qg5 27. Rxd4
Bxd4 28. Qd3 Kg7 29. Rd1 h5 30. Nd2 fxg3 31. hxg3 h4 32. Nf1 hxg3 33. Qxg3 Qh5
34. Qc7+ Kg8 35. Ng3 Qg4 36. Rd3 Rxe2 37. Qb8+ Kg7 38. Qb7+ Kh6 39. Qh1+ Kg5
40. Qd5+ Kf6 41. Qf3+ 1-0

[Event "Gibtelecom Festival 2010 - Challengers"]
[Site "Gibraltar ENG"]
[Date "2010.01.30"]
[Round "5.2"]
[White "Hagen, Anders Gjerdrum"]
[Black "Eden, Tomer"]
[Result "1-0"]
[WhiteElo "2108"]
[BlackElo "2191"]
[PlyCount "43"]
[EventDate "2010.01.26"]
[EventType "swiss"]
[EventRounds "5"]
[EventCountry "ENG"]
[Source "lmi"]
[SourceDate "2010.01.26"]

1. d4 c6 2. c4 d5 3. Nf3 Nf6 4. Nc3 dxc4 5. a4 Bf5 6. e3 e6 7. Bxc4 Bb4 8. O-O
Nbd7 9. Qe2 Bg6 10. e4 O-O 11. Bd3 Bh5 12. e5 Nd5 13. Nxd5 cxd5 14. Qe3 Bg6 15.
Ng5 Re8 16. f4 f5 17. g4 Qe7 18. gxf5 Bxf5 19. Bxf5 exf5 20. Qb3 Nb6 21. a5 Nc4
22. Ra4 1-0

[Event "Gibtelecom Festival 2010 - Challengers"]
[Site "Gibraltar ENG"]
[Date "2010.01.30"]
[Round "5.3"]
[White "Vea, Odin Blikra"]
[Black "Nilsen, Joachim Birger"]
[Result "1-0"]
[WhiteElo "2189"]
[BlackElo "2152"]
[PlyCount "75"]
[EventDate "2010.01.26"]
[EventType "swiss"]
[EventRounds "5"]
[EventCountry "ENG"]
[Source "lmi"]
[SourceDate "2010.01.26"]

1. e4 e6 2. d4 d5 3. Nd2 Nf6 4. e5 Nfd7 5. Bd3 c5 6. c3 Nc6 7. Ne2 cxd4 8. cxd4
f6 9. exf6 Nxf6 10. Nf3 Bd6 11. O-O O-O 12. Bf4 Nh5 13. Bxd6 Qxd6 14. Ng5 g6
15. f4 Bd7 16. g3 Qe7 17. Nf3 Qg7 18. Ne5 Nxe5 19. dxe5 g5 20. Nd4 Nxf4 21.
gxf4 gxf4+ 22. Kh1 Qxe5 23. Qg4+ Kh8 24. Qh4 Rf7 25. Nf3 Qf6 26. Qxf6+ Rxf6 27.
Ne5 Be8 28. Rf3 Bg6 29. Raf1 Bxd3 30. Nxd3 Rc8 31. Rxf4 Rxf4 32. Rxf4 e5 33.
Nxe5 Rc2 34. Rf8+ Kg7 35. Rf7+ Kg8 36. Rxb7 Re2 37. Nf3 Rxb2 38. Rxb2 1-0

[Event "Gibtelecom Festival 2010 - Challengers"]
[Site "Gibraltar ENG"]
[Date "2010.01.30"]
[Round "5.4"]
[White "Ungureanu, Sandu"]
[Black "Gandrud, Vegar Koi"]
[Result "1-0"]
[WhiteElo "2094"]
[BlackElo "2158"]
[PlyCount "127"]
[EventDate "2010.01.26"]
[EventType "swiss"]
[EventRounds "5"]
[EventCountry "ENG"]
[Source "lmi"]
[SourceDate "2010.01.26"]

1. e4 d5 2. exd5 Nf6 3. Bb5+ Nbd7 4. c4 a6 5. Ba4 b5 6. cxb5 Nb6 7. bxa6+ Nxa4
8. Qxa4+ Bd7 9. Qc4 e6 10. dxe6 Bxe6 11. Qb5+ Bd7 12. Qe2+ Be7 13. Nf3 Bc8 14.
Qb5+ Nd7 15. Ne5 O-O 16. Nc6 Qe8 17. Qe2 Bf6 18. Qxe8 Rxe8+ 19. Kd1 Bxa6 20.
Nc3 Bb7 21. Nb4 Bxg2 22. Rg1 Bxc3 23. bxc3 Bf3+ 24. Kc2 c5 25. Rg3 Be4+ 26. d3
Bb7 27. Be3 cxb4 28. cxb4 Bc6 29. Rg5 Re5 30. Rxe5 Nxe5 31. a3 Ba4+ 32. Kc3 Rd8
33. Bd4 Nf3 34. Bc5 f6 35. Rb1 Bb5 36. d4 Kf7 37. Ra1 Ra8 38. d5 Nxh2 39. Kb3
Nf3 40. a4 h5 41. Ra2 Bf1 42. b5 h4 43. Kb4 h3 44. Bd6 h2 45. Bxh2 Nxh2 46. a5
Rb8 47. b6 Ba6 48. Rc2 Rb7 49. Kc5 Ke7 50. f4 Ng4 51. Kc6 Rd7 52. Rd2 Bb7+ 53.
Kc5 Rd6 54. Kb5 Rxd5+ 55. Rxd5 Bxd5 56. Ka6 Ne3 57. b7 Bxb7+ 58. Kxb7 Nc4 59.
a6 Nd6+ 60. Kc6 Nc8 61. Kc7 Na7 62. Kb6 Kd7 63. Kxa7 Kc7 64. f5 1-0

[Event "Gibtelecom Festival 2010 - Challengers"]
[Site "Gibraltar ENG"]
[Date "2010.01.30"]
[Round "5.5"]
[White "Arvola, Benjamin"]
[Black "Pettersen, Joar Gullestad"]
[Result "1-0"]
[WhiteElo "2218"]
[BlackElo "2020"]
[PlyCount "63"]
[EventDate "2010.01.26"]
[EventType "swiss"]
[EventRounds "5"]
[EventCountry "ENG"]
[Source "lmi"]
[SourceDate "2010.01.26"]

1. e4 e6 2. d4 d5 3. Nc3 dxe4 4. Nxe4 Bd7 5. Bd3 Bc6 6. Nf3 Nd7 7. O-O Ngf6 8.
Qe2 Nxe4 9. Bxe4 Bxe4 10. Qxe4 c6 11. c4 Nf6 12. Qd3 Be7 13. Qb3 Qb6 14. Qc2
O-O 15. Be3 Qc7 16. h3 Rfd8 17. Rad1 Rac8 18. Qa4 h6 19. c5 b6 20. Rc1 Nd7 21.
Rfe1 b5 22. Qc2 Nf6 23. Ne5 Nd5 24. Qe4 f5 25. Qd3 Bf6 26. Bd2 Re8 27. Re2 Rcd8
28. Rce1 a6 29. Qa3 Ra8 30. Qg3 Bxe5 31. Rxe5 Kf7 32. Rxd5 1-0